Derecho al olvido digital en la web 2.0 (Registro nro. 31645)

Detalles MARC
000 -LEADER
fixed length control field 00387 a2200121 4500
001 - CONTROL NUMBER
control field ART_40573
005 - DATE AND TIME OF LATEST TRANSACTION
control field 20260410162005.0
008 - FIXED-LENGTH DATA ELEMENTS--GENERAL INFORMATION
fixed length control field 260409a
100 1# - MAIN ENTRY--PERSONAL NAME
Personal name Fossaceca, Carlos Alberto (h)
245 10 - TITLE STATEMENT
Title Derecho al olvido digital en la web 2.0
700 1# - ADDED ENTRY--PERSONAL NAME
Personal name Lamanna Guiñazú, Emiliano C.
773 0# - HOST ITEM ENTRY
Title Temas de derecho civil
Related parts - Año 2, Nº 10 (oct. 2016)
Record control number REV34778

No hay ítems disponibles.